000 00250nam a22001217a 4500
041 _aENG
100 _aPlskunov.N
245 _aDifferential And Integral Calculus
260 _aDelhi
_bPeace Pub
_c1998
300 _a895
650 _a48
856 _u48
999 _c3112
_d3112